[Event "48. Torneo Villa de Mislata - Torneo C"]
[Site "Mislata ESP"]
[Date "2014.08.11"]
[Round "1.1"]
[White "Lozano Bernal, Juan Jose"]
[Black "Ruiz Martorell, Alfredo"]
[Result "1-0"]
[WhiteElo "1566"]
[BlackElo "1898"]
[PlyCount "73"]
[EventDate "2014.08.11"]
[EventType "swiss"]
[EventRounds "9"]
[EventCountry "ESP"]
[Source "lmi"]
[SourceDate "2014.08.11"]

1. e4 e6 2. d4 d5 3. Nc3 Bb4 4. e5 Ne7 5. Nf3 c5 6. Be3 cxd4 7. Qxd4 Nbc6 8.
Qg4 Nf5 9. Bb5 Qa5 10. Bxc6+ bxc6 11. Bd2 Ba6 12. Nh4 d4 13. Ne4 Bxd2+ 14. Nxd2
Qxe5+ 15. Ne4 Nxh4 16. Qxh4 f5 17. O-O-O fxe4 18. Rhe1 O-O 19. Rxe4 Qf6 20. Qh3
Bc4 21. f4 Bd5 22. Rexd4 Bxa2 23. Qa3 Bd5 24. g3 Rfc8 25. c4 c5 26. R4d2 Bxc4
27. Rd6 Bd5 28. R1xd5 c4 29. Re5 Qh6 30. Re2 Qf6 31. Rdxe6 Qd4 32. Qa4 Qg1+ 33.
Kc2 h6 34. Qd7 Qc5 35. Re7 Qh5 36. Rxg7+ Kf8 37. Qe7# 1-0

[Event "48. Torneo Villa de Mislata - Torneo C"]
[Site "Mislata ESP"]
[Date "2014.08.11"]
[Round "1.3"]
[White "Carrillo Ruiz, Manuel"]
[Black "Vila Todosantos, Jose Miguel"]
[Result "0-1"]
[WhiteElo "1558"]
[BlackElo "1884"]
[PlyCount "59"]
[EventDate "2014.08.11"]
[EventType "swiss"]
[EventRounds "9"]
[EventCountry "ESP"]
[Source "lmi"]
[SourceDate "2014.08.11"]

1. e4 c5 2. d4 cxd4 3. c3 dxc3 4. Nxc3 Nc6 5. Nf3 a6 6. Be3 e6 7. Be2 Qc7 8.
O-O Nf6 9. Rc1 Qb8 10. Qc2 Be7 11. a3 b5 12. Nd4 Bb7 13. Nxc6 Bxc6 14. Bf3 Qb7
15. b4 O-O 16. Rfd1 Rac8 17. Qd3 Rfd8 18. Bg5 h6 19. Bxf6 Bxf6 20. Ne2 Qb6 21.
Ng3 Rc7 22. Nh5 Be7 23. e5 Bg5 24. Rc2 Bxf3 25. Rxc7 Bxd1 26. Nf6+ Bxf6 27.
Rxd7 Rxd7 28. Qxd7 Qd8 29. Qd6 Qxd6 30. exd6 0-1

[Event "48. Torneo Villa de Mislata - Torneo C"]
[Site "Mislata ESP"]
[Date "2014.08.11"]
[Round "1.5"]
[White "Sanchis, Fernand"]
[Black "Cerdan Herraez, Manuel Vicente"]
[Result "0-1"]
[WhiteElo "1549"]
[BlackElo "1852"]
[PlyCount "68"]
[EventDate "2014.08.11"]
[EventType "swiss"]
[EventRounds "9"]
[EventCountry "ESP"]
[Source "lmi"]
[SourceDate "2014.08.11"]

1. e4 e5 2. Nf3 d6 3. Nc3 Bg4 4. Be2 Nc6 5. d3 Nf6 6. Be3 Be7 7. d4 exd4 8.
Nxd4 Bxe2 9. Qxe2 Nxd4 10. Bxd4 O-O 11. O-O c5 12. Be3 Qb6 13. b3 Rad8 14. Rad1
Rfe8 15. Kh1 Qc6 16. f3 a6 17. Nd5 Nxd5 18. exd5 Qc7 19. Qd2 b5 20. c4 Bf6 21.
Rfe1 b4 22. g4 Bc3 23. Qf2 Bxe1 24. Rxe1 Qd7 25. Rg1 Qe7 26. Re1 Qf6 27. h4 Re5
28. Kg2 Qe7 29. Bg5 f6 30. Rxe5 Qxe5 31. Bc1 Re8 32. Kf1 Qc3 33. Bb2 Qd3+ 34.
Kg1 Qd1+ 0-1

[Event "48. Torneo Villa de Mislata - Torneo C"]
[Site "Mislata ESP"]
[Date "2014.08.11"]
[Round "1.8"]
[White "Soriano Folch, Jonathan"]
[Black "Llacer Bosbach, Ana"]
[Result "1-0"]
[WhiteElo "1828"]
[BlackElo "1518"]
[PlyCount "54"]
[EventDate "2014.08.11"]
[EventType "swiss"]
[EventRounds "9"]
[EventCountry "ESP"]
[Source "lmi"]
[SourceDate "2014.08.11"]

1. e4 e5 2. Nf3 d6 3. d4 exd4 4. Nxd4 Nf6 5. Nc3 Be7 6. Bc4 O-O 7. O-O c6 8.
Be2 Nbd7 9. Nb3 Ne5 10. h3 Be6 11. Be3 Bc4 12. f4 Bxe2 13. Qxe2 Ned7 14. Rad1
Qc7 15. g4 b6 16. g5 Ne8 17. h4 Nc5 18. Nxc5 bxc5 19. h5 Qc8 20. f5 d5 21. exd5
cxd5 22. Nxd5 Qb7 23. Kf2 Rb8 24. f6 Bxf6 25. gxf6 Qxb2 26. Rb1 Qxb1 27. Rxb1
Rxb1 1-0

[Event "48. Torneo Villa de Mislata - Torneo C"]
[Site "Mislata ESP"]
[Date "2014.08.12"]
[Round "2.1"]
[White "Benavent Espi, Vicente"]
[Black "Barrachina Blanco, Francisco"]
[Result "0-1"]
[WhiteElo "1892"]
[BlackElo "1696"]
[PlyCount "28"]
[EventDate "2014.08.11"]
[EventType "swiss"]
[EventRounds "9"]
[EventCountry "ESP"]
[Source "lmi"]
[SourceDate "2014.08.11"]

1. e4 e5 2. Nf3 Nc6 3. d4 exd4 4. c3 d5 5. exd5 Qxd5 6. cxd4 Bb4+ 7. Nc3 Bg4 8.
Be2 Nf6 9. O-O Qh5 10. Qb3 O-O 11. d5 Bd6 12. h3 Bxh3 13. Ng5 Bg4 14. g3 Nd4
0-1

[Event "48. Torneo Villa de Mislata - Torneo C"]
[Site "Mislata ESP"]
[Date "2014.08.12"]
[Round "2.2"]
[White "Vila Todosantos, Jose Miguel"]
[Black "Colomer De Luque, Francisco"]
[Result "1-0"]
[WhiteElo "1884"]
[BlackElo "1681"]
[PlyCount "75"]
[EventDate "2014.08.11"]
[EventType "swiss"]
[EventRounds "9"]
[EventCountry "ESP"]
[Source "lmi"]
[SourceDate "2014.08.11"]

1. e4 e5 2. Nf3 Nc6 3. d4 exd4 4. Bc4 Nf6 5. e5 d5 6. Bb5 Ne4 7. O-O Bc5 8.
Bxc6+ bxc6 9. Nxd4 O-O 10. c3 Re8 11. Be3 Bxd4 12. cxd4 Qe7 13. Qc1 c5 14. Nc3
cxd4 15. Bxd4 c5 16. Nxe4 cxd4 17. Nd6 Rd8 18. Re1 f6 19. Nxc8 Raxc8 20. Qf4
fxe5 21. Rxe5 Qc5 22. Rae1 Rf8 23. Qd2 d3 24. R1e3 Qc4 25. b3 Qc5 26. Rxd3 Rf5
27. g3 Rcf8 28. Re2 h6 29. Rc3 Qb6 30. Rce3 d4 31. Rd3 Rd5 32. Re4 Rfd8 33. Qe2
Qc6 34. Re6 Qc1+ 35. Kg2 Qg5 36. Qe4 Qc1 37. Re8+ Rxe8 38. Qxe8+ 1-0

[Event "48. Torneo Villa de Mislata - Torneo C"]
[Site "Mislata ESP"]
[Date "2014.08.12"]
[Round "2.3"]
[White "Gomez Manzano, Francisco Carlo"]
[Black "Lopez Diaz, Rafael"]
[Result "0-1"]
[WhiteElo "1713"]
[BlackElo "1855"]
[PlyCount "80"]
[EventDate "2014.08.11"]
[EventType "swiss"]
[EventRounds "9"]
[EventCountry "ESP"]
[Source "lmi"]
[SourceDate "2014.08.11"]

1. c4 g6 2. g3 Nf6 3. Bg2 c5 4. Nc3 Nc6 5. Nf3 Bg7 6. d3 O-O 7. O-O d6 8. Bd2
Rb8 9. Qc1 Re8 10. Rb1 a6 11. a4 Nb4 12. h3 Bd7 13. b3 Bc6 14. Nd1 Qc7 15. Kh2
b6 16. Bxb4 cxb4 17. d4 Be4 18. Ra1 Qb7 19. Ra2 Nd7 20. Qd2 a5 21. Rg1 d5 22.
Ne3 Bh6 23. cxd5 Bxd5 24. Qd3 Be4 25. Qd1 Bxe3 26. fxe3 Nf6 27. Qd2 Nd5 28. Ng5
Bxg2 29. Rxg2 Nc3 30. Ra1 Qd5 31. h4 Qxb3 32. h5 Qd5 33. e4 Nxe4 34. Nxe4 Qxe4
35. hxg6 hxg6 36. e3 Kg7 37. d5 Red8 38. Rd1 f6 39. Kg1 Rd6 40. g4 Rbd8 0-1

[Event "48. Torneo Villa de Mislata - Torneo C"]
[Site "Mislata ESP"]
[Date "2014.08.12"]
[Round "2.4"]
[White "Cerdan Herraez, Manuel Vicente"]
[Black "Arroyo Viguer, Rafael"]
[Result "0-1"]
[WhiteElo "1852"]
[BlackElo "1649"]
[PlyCount "84"]
[EventDate "2014.08.11"]
[EventType "swiss"]
[EventRounds "9"]
[EventCountry "ESP"]
[Source "lmi"]
[SourceDate "2014.08.11"]

1. e4 c5 2. Nc3 d6 3. Nf3 Nf6 4. Bb5+ Bd7 5. Qe2 a6 6. Bxd7+ Nbxd7 7. e5 Nxe5
8. Nxe5 dxe5 9. Qxe5 Qd6 10. Qxd6 exd6 11. O-O b5 12. Re1+ Kd7 13. d3 Re8 14.
Bg5 Rxe1+ 15. Rxe1 Be7 16. b3 Re8 17. a4 b4 18. Bxf6 Bxf6 19. Rxe8 Kxe8 20. Nd5
Bd8 21. f4 Kd7 22. g4 Ke6 23. Ne3 d5 24. Kf2 g6 25. Kf3 Bc7 26. h4 Bd8 27. f5+
Ke5 28. fxg6 fxg6 29. h5 Bg5 30. hxg6 hxg6 31. Nf1 Kd4 32. Ke2 c4 33. dxc4 dxc4
34. Ng3 Bh4 35. Nf1 cxb3 36. cxb3 Kc3 37. Nd2 Kc2 38. Nf3 Bf6 39. a5 Kxb3 40.
Kd3 Ka2 41. Nd2 b3 42. Kc4 b2 0-1

[Event "48. Torneo Villa de Mislata - Torneo C"]
[Site "Mislata ESP"]
[Date "2014.08.12"]
[Round "2.5"]
[White "Moreno Vicente, Jesus Miguel"]
[Black "Fernandez Lara, Vicente"]
[Result "1-0"]
[WhiteElo "1841"]
[BlackElo "1646"]
[PlyCount "92"]
[EventDate "2014.08.11"]
[EventType "swiss"]
[EventRounds "9"]
[EventCountry "ESP"]
[Source "lmi"]
[SourceDate "2014.08.11"]

1. d4 Nf6 2. c4 e6 3. Nf3 Be7 4. Nc3 c6 5. Bg5 h6 6. Bh4 d5 7. cxd5 Nxd5 8.
Bxe7 Qxe7 9. e4 Nxc3 10. bxc3 Nd7 11. Bd3 O-O 12. O-O e5 13. Re1 Rd8 14. Qb3
Kh8 15. Bc4 f6 16. Nh4 Nf8 17. Nf5 Bxf5 18. exf5 Qd6 19. Qxb7 Rab8 20. Qf7 Nh7
21. dxe5 fxe5 22. Qxa7 Qf6 23. Qe3 Qxf5 24. Qxe5 Qg4 25. Qe2 Qf4 26. Bb3 Nf6
27. Qe3 Qf5 28. Qg3 Re8 29. Re6 Rbd8 30. Rae1 Rxe6 31. Bxe6 Qxe6 32. f3 Qc4 33.
Qc7 Rg8 34. Qa5 Nd5 35. Re4 Qd3 36. c4 Ne3 37. Qe1 Nxc4 38. a4 Nd6 39. Re6 Rb8
40. Kf2 Qd4+ 41. Kf1 Qd3+ 42. Kf2 Rb2+ 43. Kg3 Rd2 44. Qe5 Nf5+ 45. Kh3 Nd4 46.
Rxh6+ Kg8 1-0

[Event "48. Torneo Villa de Mislata - Torneo C"]
[Site "Mislata ESP"]
[Date "2014.08.12"]
[Round "3.1"]
[White "Mendez Garcia, Juan Ignacio"]
[Black "Vila Todosantos, Jose Miguel"]
[Result "0-1"]
[WhiteElo "1775"]
[BlackElo "1884"]
[PlyCount "98"]
[EventDate "2014.08.11"]
[EventType "swiss"]
[EventRounds "9"]
[EventCountry "ESP"]
[Source "lmi"]
[SourceDate "2014.08.11"]

1. d4 Nf6 2. Nf3 e6 3. Bg5 Be7 4. e3 b6 5. Bd3 Bb7 6. O-O h6 7. Bh4 O-O 8. c4
d5 9. Nc3 a6 10. Rc1 Nbd7 11. cxd5 exd5 12. Bb1 Rc8 13. Qc2 Re8 14. Ne5 Ne4 15.
Bxe7 Qxe7 16. Nf3 Nf8 17. Qb3 Qd6 18. Nxe4 dxe4 19. Ne5 Bd5 20. Qd1 f6 21. Nc4
Qe6 22. b3 Nd7 23. Nb2 f5 24. Na4 Rf8 25. Nc3 Bb7 26. b4 Kh7 27. Bc2 Nf6 28.
Bb3 Qd6 29. a3 Ng4 30. g3 Rce8 31. Ne2 Re7 32. Nf4 Nf6 33. Nh5 Ne8 34. Nf4 g5
35. Ng2 Rg7 36. Bc2 Kh8 37. Bb3 f4 38. exf4 gxf4 39. Kh1 Qg6 40. Rc3 f3 41. Ne3
Qh5 42. d5 Nd6 43. a4 Qh3 44. Rg1 Rff7 45. Qf1 Qh5 46. Bc2 Bc8 47. h4 Qe5 48.
Qe1 Qh5 49. Qf1 Rf4 0-1

[Event "48. Torneo Villa de Mislata - Torneo C"]
[Site "Mislata ESP"]
[Date "2014.08.12"]
[Round "3.2"]
[White "Lopez Diaz, Rafael"]
[Black "Gimeno Simo, Sergio"]
[Result "1-0"]
[WhiteElo "1855"]
[BlackElo "1768"]
[PlyCount "71"]
[EventDate "2014.08.11"]
[EventType "swiss"]
[EventRounds "9"]
[EventCountry "ESP"]
[Source "lmi"]
[SourceDate "2014.08.11"]

1. c4 e6 2. d4 d5 3. Nf3 c5 4. e3 cxd4 5. exd4 Nf6 6. Nc3 Bb4 7. Bd2 Nc6 8. a3
Ba5 9. b4 Bc7 10. b5 Ne7 11. c5 O-O 12. Bd3 Ng6 13. O-O Ng4 14. h3 Nf6 15. Re1
Nh5 16. Ne2 Nh4 17. Ne5 f6 18. Ng4 e5 19. Ng3 Nf4 20. Bxf4 exf4 21. Nf1 f3 22.
g3 Ng2 23. Qxf3 Nxe1 24. Rxe1 Bxg4 25. hxg4 g6 26. Ne3 Re8 27. Rd1 Kg7 28. Nxd5
Rc8 29. Bc4 h6 30. Ne3 Bb8 31. Qxb7+ Re7 32. Qf3 Re8 33. Bd5 Qa5 34. Bc6 Rf8
35. d5 Qxa3 36. Nf5+ 1-0

[Event "48. Torneo Villa de Mislata - Torneo C"]
[Site "Mislata ESP"]
[Date "2014.08.12"]
[Round "3.3"]
[White "Birnoveanu, Petru"]
[Black "Moreno Vicente, Jesus Miguel"]
[Result "0-1"]
[WhiteElo "1752"]
[BlackElo "1841"]
[PlyCount "144"]
[EventDate "2014.08.11"]
[EventType "swiss"]
[EventRounds "9"]
[EventCountry "ESP"]
[Source "lmi"]
[SourceDate "2014.08.11"]

1. e4 e6 2. d4 d5 3. Nd2 Nf6 4. e5 Nfd7 5. f4 c5 6. c3 Nc6 7. Ngf3 cxd4 8. Nxd4
Nxd4 9. cxd4 Qa5 10. a3 Be7 11. Qb3 O-O 12. Qc3 Qxc3 13. bxc3 Nb6 14. a4 Bd7
15. a5 Na4 16. Ba3 Bxa3 17. Rxa3 b5 18. Rb3 a6 19. Be2 Rac8 20. Nb1 Rc7 21. Kd2
Rfc8 22. Rc1 f6 23. Bd1 fxe5 24. fxe5 Rf8 25. Bf3 Be8 26. Na3 Bg6 27. Re1 Rfc8
28. Re3 Rf8 29. Nc2 Bxc2 30. Kxc2 Rf4 31. Kd2 g5 32. h3 Kg7 33. g3 Rf8 34. Rb4
Kg6 35. Rb1 h5 36. Bd1 Rf2+ 37. Ke1 Ra2 38. Bxa4 Rxa4 39. Rf3 Kg7 40. g4 hxg4
41. hxg4 Rxa5 42. Kd2 Ra2+ 43. Kd3 Ra3 44. Kc2 Ra2+ 45. Kb3 Rg2 46. Ra1 Rf7 47.
Rxf7+ Kxf7 48. Rxa6 Rxg4 49. Ra7+ Ke8 50. Ra8+ Kf7 51. Ra7+ Kg6 52. Re7 Re4 53.
Rxe6+ Kh5 54. Rd6 g4 55. Rxd5 g3 56. e6+ Kg6 57. Rd8 Kg7 58. Rd7+ Kf6 59. Rf7+
Kxe6 60. Rg7 Re3 61. Kb4 Kd5 62. Rg5+ Ke4 63. Rxb5 Kf4 64. Rb8 g2 65. Rf8+ Kg3
66. Rg8+ Kh2 67. Rxg2+ Kxg2 68. d5 Kf3 69. d6 Kf4 70. Kc4 Ke4 71. Kb5 Ke5 72.
d7 Rd3 0-1

[Event "48. Torneo Villa de Mislata - Torneo C"]
[Site "Mislata ESP"]
[Date "2014.08.12"]
[Round "3.4"]
[White "Navarro Gomez, Gabriel"]
[Black "Wahieb Hussein, Faisal"]
[Result "1-0"]
[WhiteElo "1739"]
[BlackElo "1822"]
[PlyCount "120"]
[EventDate "2014.08.11"]
[EventType "swiss"]
[EventRounds "9"]
[EventCountry "ESP"]
[Source "lmi"]
[SourceDate "2014.08.11"]

1. d4 g6 2. e4 Bg7 3. Bg5 c5 4. d5 Qb6 5. Nd2 d6 6. Ngf3 Nf6 7. Bd3 O-O 8. Nc4
Qd8 9. Bf4 b5 10. Ncd2 c4 11. Be2 Nbd7 12. Be3 Ng4 13. c3 Nxe3 14. fxe3 Nf6 15.
h3 Rb8 16. Nd4 Bd7 17. O-O e6 18. Bf3 Qb6 19. Re1 Rbc8 20. a3 a5 21. Qe2 exd5
22. exd5 Rfe8 23. Qf2 Kh8 24. Re2 Ng8 25. Ne4 Ne7 26. Ng5 Kg8 27. Rf1 Rf8 28.
Nxh7 Nf5 29. Nxf8 Rxf8 30. Nxf5 Bxf5 31. e4 Qxf2+ 32. Kxf2 Bd7 33. g4 b4 34.
cxb4 axb4 35. axb4 Rb8 36. Rc2 Rxb4 37. Rfc1 Bxb2 38. Rxc4 Bd4+ 39. Ke1 Rxc4
40. Rxc4 Be5 41. Rc7 Bb5 42. Kf2 g5 43. Be2 Bd4+ 44. Kf3 Bxe2+ 45. Kxe2 Kf8 46.
Kf3 f6 47. h4 gxh4 48. Rh7 Kg8 49. Rxh4 Kg7 50. Rh1 Kg6 51. Rc1 Kg5 52. Rc8 Kg6
53. Re8 Kf7 54. Rc8 Kg6 55. Re8 Kf7 56. Re6 Bc5 57. Kf4 Bd4 58. Kf5 Be5 59.
Rxe5 fxe5 60. g5 Ke7 1-0

[Event "48. Torneo Villa de Mislata - Torneo C"]
[Site "Mislata ESP"]
[Date "2014.08.12"]
[Round "3.5"]
[White "Sifre Montalva, Alfredo"]
[Black "Bas Sanchez, Jose Joaquin"]
[Result "1/2-1/2"]
[WhiteElo "1809"]
[BlackElo "1748"]
[PlyCount "117"]
[EventDate "2014.08.11"]
[EventType "swiss"]
[EventRounds "9"]
[EventCountry "ESP"]
[Source "lmi"]
[SourceDate "2014.08.11"]

1. c4 Nf6 2. Nf3 e6 3. g3 d5 4. Bg2 Be7 5. O-O O-O 6. Nc3 c6 7. cxd5 exd5 8. d4
Nbd7 9. Bg5 Re8 10. a3 Nf8 11. Qc2 Bg4 12. Ne5 Bh5 13. h3 Ne6 14. Be3 Nd7 15.
f4 Nxe5 16. dxe5 f6 17. Rad1 fxe5 18. Nxd5 Qa5 19. Nxe7+ Rxe7 20. f5 Nd4 21.
Bxd4 exd4 22. g4 Qb6 23. Qd3 Bf7 24. f6 Re6 25. Qxd4 Qxd4+ 26. Rxd4 gxf6 27.
Rxf6 Kg7 28. Rf2 Rae8 29. Rd7 R8e7 30. Rxe7 Rxe7 31. e4 Rd7 32. Kh2 c5 33. Rc2
c4 34. Kg3 b5 35. e5 a5 36. Re2 Rd3+ 37. Kf4 Be6 38. h4 b4 39. axb4 axb4 40. g5
Rd4+ 41. Be4 c3 42. bxc3 bxc3 43. Ke3 Rc4 44. Rf2 Rc7 45. Rf6 Bb3 46. Rh6 Kg8
47. Rc6 Rxc6 48. Bxc6 Kf7 49. Be4 c2 50. Kd2 Ke6 51. Bxh7 Kxe5 52. Bxc2 Bf7 53.
Ke3 Bh5 54. Be4 Bd1 55. Bf3 Bc2 56. Bg4 Bb1 57. h5 Bc2 58. g6 Kf6 59. Kf4
1/2-1/2

[Event "48. Torneo Villa de Mislata - Torneo C"]
[Site "Mislata ESP"]
[Date "2014.08.13"]
[Round "4.1"]
[White "Vila Todosantos, Jose Miguel"]
[Black "Hernandez Torralba, Sergio"]
[Result "0-1"]
[WhiteElo "1884"]
[BlackElo "1804"]
[PlyCount "66"]
[EventDate "2014.08.11"]
[EventType "swiss"]
[EventRounds "9"]
[EventCountry "ESP"]
[Source "lmi"]
[SourceDate "2014.08.11"]

1. e4 c5 2. Nf3 d6 3. d4 cxd4 4. Nxd4 Nf6 5. Bd3 g6 6. O-O Bg7 7. c3 O-O 8. Nd2
Nc6 9. h3 a6 10. Ne2 d5 11. Ng3 dxe4 12. Ndxe4 Qc7 13. Bc2 Rd8 14. Qe2 b5 15.
Nxf6+ Bxf6 16. Ne4 Bg7 17. Be3 Be6 18. Rfd1 Bc4 19. Bd3 Ne5 20. Bf4 Bxd3 21.
Rxd3 Rxd3 22. Bxe5 Bxe5 23. Qxd3 Rd8 24. Qf3 Qd7 25. Re1 Qd5 26. a3 f5 27. Ng5
Qxf3 28. Nxf3 Bf6 29. Kf1 Kf7 30. Ke2 e5 31. Nd2 Bg5 32. Rd1 Ke6 33. Ne4 fxe4
0-1

[Event "48. Torneo Villa de Mislata - Torneo C"]
[Site "Mislata ESP"]
[Date "2014.08.13"]
[Round "4.2"]
[White "Barrachina Blanco, Francisco"]
[Black "Lopez Diaz, Rafael"]
[Result "0-1"]
[WhiteElo "1696"]
[BlackElo "1855"]
[PlyCount "82"]
[EventDate "2014.08.11"]
[EventType "swiss"]
[EventRounds "9"]
[EventCountry "ESP"]
[Source "lmi"]
[SourceDate "2014.08.11"]

1. e4 c5 2. Nf3 d6 3. Bc4 e6 4. c3 Nf6 5. d3 Nc6 6. O-O Be7 7. Bb3 O-O 8. Re1
Qc7 9. Bg5 h6 10. Bc1 b5 11. a4 b4 12. h3 Bb7 13. Nbd2 Nd7 14. Nf1 Rab8 15. Bd2
Nde5 16. Bf4 bxc3 17. bxc3 Ng6 18. Bh2 Na5 19. Ba2 Bc6 20. Qe2 Qd7 21. Bb1 Rb3
22. d4 c4 23. N1d2 Rxc3 24. Ba2 d5 25. h4 Bd6 26. Bxd6 Qxd6 27. exd5 Bxd5 28.
Rec1 Rxc1+ 29. Rxc1 Rc8 30. Ne4 Qb4 31. Nc5 Qb6 32. Rb1 Qd6 33. Rb5 Nc6 34. Qe3
Bxf3 35. gxf3 Qxd4 36. Qe4 Qxe4 37. fxe4 Nd4 38. Ra5 Nxh4 39. Bxc4 Nhf3+ 40.
Kh1 Nc6 41. Rb5 Ncd4 0-1

[Event "48. Torneo Villa de Mislata - Torneo C"]
[Site "Mislata ESP"]
[Date "2014.08.13"]
[Round "4.3"]
[White "Moreno Vicente, Jesus Miguel"]
[Black "Navarro Gomez, Gabriel"]
[Result "1-0"]
[WhiteElo "1841"]
[BlackElo "1739"]
[PlyCount "115"]
[EventDate "2014.08.11"]
[EventType "swiss"]
[EventRounds "9"]
[EventCountry "ESP"]
[Source "lmi"]
[SourceDate "2014.08.11"]

1. d4 d5 2. c4 e6 3. Nc3 Nf6 4. cxd5 exd5 5. Bg5 Be7 6. e3 O-O 7. Qc2 c5 8. Nf3
cxd4 9. Nxd4 Nc6 10. Rd1 Re8 11. Be2 Be6 12. O-O Rc8 13. Bb5 h6 14. Bh4 Bd6 15.
Bg3 g6 16. Qb1 Kg7 17. Rd2 a6 18. Nxc6 bxc6 19. Bxa6 Ra8 20. Bb7 Bxg3 21. hxg3
Qb6 22. Bxa8 Rxa8 23. b4 Re8 24. Qb2 Kh7 25. Na4 Qd8 26. Nc5 Bc8 27. Rd4 Qe7
28. Qe2 Qe5 29. Qf3 g5 30. a4 Re7 31. a5 h5 32. Qd1 Bg4 33. Qd2 h4 34. f4 Qxe3+
35. Qxe3 Rxe3 36. fxg5 Ne4 37. Nxe4 dxe4 38. gxh4 Kg7 39. Rf4 Re1+ 40. Kf2 Re2+
41. Kg3 Be6 42. Rfxe4 Ra2 43. Re5 Ra3+ 44. Kf2 Ra2+ 45. Re2 Ra3 46. Red2 Ra4
47. g3 Bc8 48. Ke3 Ra3+ 49. Kf4 c5 50. bxc5 Rxa5 51. c6 f6 52. gxf6+ Kxf6 53.
g4 Ke6 54. h5 Ra1 55. h6 Rh1 56. Kg5 Ke5 57. Rd8 Re1 58. Rxc8 1-0

[Event "48. Torneo Villa de Mislata - Torneo C"]
[Site "Mislata ESP"]
[Date "2014.08.13"]
[Round "4.4"]
[White "Soriano Folch, Jonathan"]
[Black "Garcia Requena, Joan"]
[Result "1/2-1/2"]
[WhiteElo "1828"]
[BlackElo "1781"]
[PlyCount "60"]
[EventDate "2014.08.11"]
[EventType "swiss"]
[EventRounds "9"]
[EventCountry "ESP"]
[Source "lmi"]
[SourceDate "2014.08.11"]

1. d4 Nf6 2. Nf3 c5 3. e3 cxd4 4. exd4 g6 5. Bc4 Bg7 6. O-O O-O 7. Re1 d5 8.
Bd3 Nc6 9. c3 Qc7 10. Bg5 Re8 11. Qd2 e5 12. dxe5 Nxe5 13. Nxe5 Rxe5 14. Rxe5
Qxe5 15. Bf4 Qe7 16. Na3 Bd7 17. Re1 Qc5 18. Nc2 Re8 19. Rxe8+ Nxe8 20. Qe3
Qxe3 21. Bxe3 a6 22. Nb4 Be6 23. Bc2 Nd6 24. Bd1 Nc4 25. Bc1 d4 26. b3 a5 27.
Nd3 Bf5 28. Nf4 Nd6 29. cxd4 Bxd4 30. Nd5 Kg7 1/2-1/2

[Event "48. Torneo Villa de Mislata - Torneo C"]
[Site "Mislata ESP"]
[Date "2014.08.13"]
[Round "4.5"]
[White "Morenilla Rocher, Fernando"]
[Black "Romero Cuerda, Jose Luis"]
[Result "1-0"]
[WhiteElo "1811"]
[BlackElo "1762"]
[PlyCount "89"]
[EventDate "2014.08.11"]
[EventType "swiss"]
[EventRounds "9"]
[EventCountry "ESP"]
[Source "lmi"]
[SourceDate "2014.08.11"]

1. d4 d5 2. Nf3 Nf6 3. e3 Bg4 4. Nbd2 Nbd7 5. Bd3 e5 6. dxe5 Nxe5 7. Be2 Nxf3+
8. Nxf3 c6 9. O-O Be7 10. Re1 O-O 11. Bd3 Ne4 12. Be2 Bf6 13. Nd4 Bxe2 14. Qxe2
Qb6 15. c3 Rae8 16. Qg4 Nd6 17. Ne2 Nc4 18. Ng3 Ne5 19. Qd1 g6 20. e4 Rd8 21.
Qc2 Rfe8 22. Be3 Qa6 23. exd5 cxd5 24. Bd4 Ng4 25. Rxe8+ Rxe8 26. Bxf6 Nxf6 27.
a4 h5 28. b4 Qc4 29. Rd1 h4 30. Nf1 Re2 31. Qd3 Qa2 32. Nd2 Re6 33. a5 h3 34.
Qb1 Qxb1 35. Rxb1 hxg2 36. Kxg2 Re2 37. Rd1 Kf8 38. Kf3 Re5 39. Nb3 Ne4 40. Nc5
Rf5+ 41. Ke3 Nxc3 42. Rd4 Nb5 43. Rh4 Nd6 44. f4 Kg7 45. Nd3 1-0

[Event "48. Torneo Villa de Mislata - Torneo C"]
[Site "Mislata ESP"]
[Date "2014.08.14"]
[Round "5.1"]
[White "Lopez Diaz, Rafael"]
[Black "Moreno Vicente, Jesus Miguel"]
[Result "0-1"]
[WhiteElo "1855"]
[BlackElo "1841"]
[PlyCount "144"]
[EventDate "2014.08.11"]
[EventType "swiss"]
[EventRounds "9"]
[EventCountry "ESP"]
[Source "lmi"]
[SourceDate "2014.08.11"]

1. c4 c6 2. e3 d5 3. d4 Nf6 4. Nc3 e6 5. a3 Nbd7 6. Nf3 Bd6 7. c5 Bc7 8. Bd3 e5
9. dxe5 Nxe5 10. Nxe5 Bxe5 11. Qc2 O-O 12. Bd2 Qe7 13. Ne2 Bg4 14. f3 Bh5 15.
O-O Bg6 16. Bxg6 hxg6 17. Rae1 a5 18. Nc1 Rfe8 19. Nd3 Nd7 20. Nxe5 Nxe5 21. e4
Nc4 22. Be3 Qe5 23. Bc1 Qd4+ 24. Kh1 a4 25. b3 axb3 26. Qxb3 Na5 27. Qb4 Qc4
28. Bb2 dxe4 29. Qc3 Qxc3 30. Bxc3 Nb3 31. fxe4 Nxc5 32. Bb4 Nxe4 33. Rc1 Nf6
34. h3 Nd5 35. Rb1 Nxb4 36. axb4 Re4 37. b5 c5 38. Rf2 Ra5 39. b6 Rb4 40. Rd1
Rd4 41. Rxd4 cxd4 42. Rd2 Rd5 43. Kg1 f6 44. Kf2 Kf7 45. Rc2 Rd7 46. Rc4 d3 47.
Ke1 g5 48. h4 gxh4 49. Rxh4 Rd6 50. Rb4 g5 51. g4 Kg6 52. Rc4 Rxb6 53. Rd4 Rb3
54. Kd2 Kf7 55. Ke3 b6 56. Ke4 Ke6 57. Rd8 Rb4+ 58. Kf3 Rb3 59. Ke4 d2 60. Rxd2
Rg3 61. Rb2 Rxg4+ 62. Ke3 Rf4 63. Rxb6+ Kf5 64. Rb1 Kg6 65. Rb6 Kh5 66. Rc6 Kg4
67. Ke2 f5 68. Rc1 Rf3 69. Rg1+ Rg3 70. Rb1 f4 71. Kf2 Ra3 72. Rg1+ Kf5 0-1

[Event "48. Torneo Villa de Mislata - Torneo C"]
[Site "Mislata ESP"]
[Date "2014.08.14"]
[Round "5.2"]
[White "Hernandez Torralba, Sergio"]
[Black "Morenilla Rocher, Fernando"]
[Result "1/2-1/2"]
[WhiteElo "1804"]
[BlackElo "1811"]
[PlyCount "88"]
[EventDate "2014.08.11"]
[EventType "swiss"]
[EventRounds "9"]
[EventCountry "ESP"]
[Source "lmi"]
[SourceDate "2014.08.11"]

1. e4 c6 2. d4 d5 3. Nc3 dxe4 4. Nxe4 Nf6 5. Ng3 Nbd7 6. Nf3 e6 7. Bd3 Bd6 8.
O-O O-O 9. Re1 Re8 10. Ne5 c5 11. Nxd7 Bxd7 12. Ne4 Nxe4 13. Bxe4 Qc7 14. dxc5
Bxh2+ 15. Kh1 Be5 16. Bxh7+ Kf8 17. Qh5 Bf6 18. Qf3 Ke7 19. Bf4 e5 20. Be4 Rh8+
21. Kg1 Rh4 22. Bg3 Rh6 23. Rad1 Rah8 24. Kf1 Qxc5 25. Qb3 Bb5+ 26. Bd3 Bxd3+
27. Qxd3 Rh1+ 28. Ke2 Rxe1+ 29. Kxe1 Rh1+ 30. Ke2 Rxd1 31. Kxd1 Qd6 32. Ke2
Qxd3+ 33. Kxd3 Ke6 34. Ke4 g5 35. c4 Bg7 36. f3 f5+ 37. Kd3 Bf8 38. Bf2 b6 39.
b3 g4 40. fxg4 fxg4 41. Ke4 Bh6 42. Bh4 Bf4 43. Bd8 Kd7 44. Bf6 Ke6 1/2-1/2

[Event "48. Torneo Villa de Mislata - Torneo C"]
[Site "Mislata ESP"]
[Date "2014.08.14"]
[Round "5.4"]
[White "Navarro Gomez, Gabriel"]
[Black "Ruiz Martorell, Alfredo"]
[Result "1/2-1/2"]
[WhiteElo "1739"]
[BlackElo "1898"]
[PlyCount "96"]
[EventDate "2014.08.11"]
[EventType "swiss"]
[EventRounds "9"]
[EventCountry "ESP"]
[Source "lmi"]
[SourceDate "2014.08.11"]

1. e4 e6 2. d4 d5 3. e5 c5 4. c3 Nc6 5. Bb5 Bd7 6. Nf3 Nxe5 7. Bxd7+ Nxd7 8.
O-O Ngf6 9. Bg5 Be7 10. Re1 O-O 11. Nbd2 cxd4 12. cxd4 Rc8 13. h4 h6 14. Bf4
Bb4 15. a3 Ba5 16. b4 Bc7 17. Ne5 Bb6 18. Be3 Qc7 19. Qf3 Nxe5 20. dxe5 Bxe3
21. Rxe3 Nd7 22. Rae1 Qc2 23. Rd3 Rc7 24. Ree3 Rfc8 25. Qe2 Rc3 26. f4 Nb6 27.
Rxc3 Rxc3 28. Qf3 d4 29. Rxc3 dxc3 30. Ne4 Qb1+ 31. Kh2 c2 32. Nd2 Qd1 33. Nb3
Qxf3 34. gxf3 Nd5 35. Kg3 Nc3 36. Nc1 b5 37. Kf2 Nb1 38. Ke2 Nxa3 39. Kd2 Nc4+
40. Kxc2 a5 41. bxa5 Nxa5 42. Kc3 Nc6 43. Ne2 h5 44. Kd3 g6 45. Nc3 b4 46. Ne4
Ne7 47. Kc4 Nd5 48. Ng3 Kf8 1/2-1/2